000 00300nam a2200133 4500
008 191022s2018||||xo d
245 1 0 _aRýchle vecere
250 _a1.vydanie
260 _bSun
_aRícany
_c2018
300 _a76s.
020 _a9788075672506
_c3,79
041 1 _aslo
044 _axo
_cSK
999 _c22752
_d22752